Statistics for Which One?- U.S. States

Click here to take the quiz!

General Stats

  • This quiz has been taken 26 times
  • The average score is 12 of 18

Answer Stats

QuestionAnswer% Correct
...has over 250 counties?Texas
96%
...is home to the highest point in the U.S.?Alaska
88%
...does NOT touch CanadaOregon
88%
...has the most populous capital city?Arizona
79%
...has a peach on its license plate?Georgia
79%
...is home to the Pelicans NBA team?Louisiana
79%
...is the birthplace of John F. Kennedy?Massachusetts
79%
...is NOT part of Appalachia?Indiana
75%
...is home to Area 51?Nevada
75%
...has the highest median household income?Maryland
71%
...is known as "The Show-Me State"Missouri
67%
...is home to the Football Hall of Fame?Ohio
67%
...does NOT border Tennessee?South Carolina
58%
...has a smaller population now than it did in 1960?West Virginia
46%
...is the windiest?Alaska
42%
...has no cities over 50,000 people?Vermont
38%
...was the last of the Lower 48 to become a state?Arizona
33%
...has the lowest unemployment rate?Nebraska
21%

Score Distribution

Percentile by Number Answered

Percent of People with Each Score

Your Score History

You have not taken this quiz